Statistics for Political Parties Represented in the UK Parliament

Click here to take the quiz!

General Stats

  • This quiz has been taken 51 times
  • The average score is 8 of 10

Answer Stats

Number of Seats WonParty% Correct
365Conservative & Unionist Party
100%
1Green Party of England & Wales
96%
202Labour Party
96%
11Liberal Democrats
89%
48Scottish National Party
87%
7Sinn Fein
79%
4Plaid Cymru
72%
8Democratic Unionist Party
66%
2Social Democratic and Labour Party
43%
1Alliance Party of Northern Ireland
36%

Score Distribution

Percentile by Number Answered

Percent of People with Each Score

Your Score History

You have not taken this quiz